Siglo XVIII - Estadísticas

Estadísticas generales
  • Esta prueba ha sido intentada 382 veces
  • La puntuación promedio es 11 de 20
Estadísticas de respuestas
Año Descripción Respuesta % Correcto
1791 Este compositor austriaco muere de fiebre a los 35 años Wolfgang Amadeus Mozart
95%
1793 Esta reina es decapitada por la guillotina María Antonieta
88%
1776 Este país declara su independencia de Gran Bretaña Estados Unidos
81%
1789 Los alborotadores atacan esta tristemente célebre prisión parisina Bastilla
79%
1799 Tropas francesas descubren esta reliquia, clave para descifrar los jeroglíficos egipcios Piedra de {Rosetta}
74%
1760s Esta "Revolución" comienza en Gran Bretaña antes de extenderse al resto del mundo Revolución Industrial
64%
1717 Se constituye en Londres la primera Gran Logia de esta sociedad secreta Masonería
63%
1796 Edward Jenner inventa una vacuna contra esta enfermedad Viruela
63%
1718 Este pirata, nacido Edward Teach, es asesinado por la Royal Navy Barbanegra
60%
1701 Este reino alemán militante se forma bajo Federico I Prusia
59%
1776 Adam Smith escribe el primer libro sobre esta "ciencia lúgubre" Economía
55%
1795 La marina británica descubre que esta enfermedad puede prevenirse bebiendo zumo de limón Escorbuto
49%
1703 Pedro el Grande funda esta capital en el Golfo de Finlandia San Petersburgo
48%
1778 Este capitán de barco "descubre" Hawái James Cook
43%
1783 El hombre alza el vuelo cuando los hermanos Montgolfier demuestran este invento Globo Aerostático
39%
1759 Este filósofo ilustrado francés publica "Cándido" Voltaire
38%
1719 Daniel Defoe escribe este libro, a veces considerado la primera novela en lengua inglesa Robinson Crusoe
29%
1756–1763 Gran Bretaña, Francia, Austria y otras potencias libran esta guerra mundial Guerra de los Siete Años
28%
1732
Este impresor de Filadelfia publica "El almanaque del pobre Richard"
por primera vez
Benjamin Franklin
11%
1788 Este poeta escocés compone "Auld Lang Syne" Robert Burns
5%
No se encontraron pruebas coincidentes
Distribución de puntuación
Porcentaje de gente con cada puntuación
Porcentaje por número respondido
Historial de tus puntuaciones
No has intentado esta prueba.